<?xml version="1.0" encoding="UTF-8"?><?xml-stylesheet type="text/xsl" href="static/style.xsl"?><OAI-PMH xmlns="http://www.openarchives.org/OAI/2.0/" xmlns:xsi="http://www.w3.org/2001/XMLSchema-instance" xsi:schemaLocation="http://www.openarchives.org/OAI/2.0/ http://www.openarchives.org/OAI/2.0/OAI-PMH.xsd"><responseDate>2026-06-05T17:26:40Z</responseDate><request verb="GetRecord" identifier="oai:riuma.uma.es:10630/44731" metadataPrefix="marc">https://riuma.uma.es/rest/oai/request</request><GetRecord><record><header><identifier>oai:riuma.uma.es:10630/44731</identifier><datestamp>2026-02-05T07:24:06Z</datestamp><setSpec>com_10630_2254</setSpec><setSpec>col_10630_37956</setSpec></header><metadata><record xmlns="http://www.loc.gov/MARC21/slim" xmlns:dcterms="http://purl.org/dc/terms/" xmlns:doc="http://www.lyncode.com/xoai" xmlns:xsi="http://www.w3.org/2001/XMLSchema-instance" xsi:schemaLocation="http://www.loc.gov/MARC21/slim http://www.loc.gov/standards/marcxml/schema/MARC21slim.xsd">
   <leader>00925njm 22002777a 4500</leader>
   <datafield ind2=" " ind1=" " tag="042">
      <subfield code="a">dc</subfield>
   </datafield>
   <datafield ind2=" " ind1=" " tag="720">
      <subfield code="a">Delgado-Peña, José Jesús</subfield>
      <subfield code="e">author</subfield>
   </datafield>
   <datafield ind2=" " ind1=" " tag="720">
      <subfield code="a">Cabrera-Yeto, Susana</subfield>
      <subfield code="e">author</subfield>
   </datafield>
   <datafield ind2=" " ind1=" " tag="720">
      <subfield code="a">Chacón Víquez, Luis Diego</subfield>
      <subfield code="e">author</subfield>
   </datafield>
   <datafield ind2=" " ind1=" " tag="720">
      <subfield code="a">Castro Orellana, Gizeth Aleli</subfield>
      <subfield code="e">author</subfield>
   </datafield>
   <datafield ind2=" " ind1=" " tag="260">
      <subfield code="c">2023</subfield>
   </datafield>
   <datafield ind2=" " ind1=" " tag="520">
      <subfield code="a">El Aprendizaje Servicio es una pieza fundamental para la implementación de proyectos de voluntariado en la Cooperación Universitaria para el Desarrollo. Además, las activi-dades desarrolladas en su ámbito deben estar totalmente vinculadas a la idiosincrasia del territorio donde se desarrollan para su mayor éxito.En este trabajo se describen las experiencias desarrolladas en Honduras por la Uni-versidad de Málaga (UMA) y la Universidad Tecnológica de Honduras (UTH) en el ámbito de la conservación de patrimonio cultural y natural con dos equipos de trabajos en dos localizaciones diferentes: el fuerte colonial de San Fernando de Omoa y el jardín botánico de Lancetilla. En dichos espacios, y tras una búsqueda documental apropiada, se desarrollaron recursos digitales basados en itinerarios y puntos de interés a través de las TIG (georreferenciación de recursos mediante el uso de códigos QR) que fomenten el  conocimiento  y  sensibilización  hacia  sus  valores  intrínsecos  tanto  a  la  población  local como a los visitantes. A  través  de  trabajo  de  campo,  cuestionarios  y  entrevistas  semiestructuradas  con  los  equipos implicados se reflexiona sobre los resultados del proyecto, su impacto en los participantes  y  en  el  territorio,  así  como  su  vinculación  con  los  ODS  como  piezas  fundamentales para el desarrollo económico sostenible de la zona y la conservación de su patrimonio.</subfield>
   </datafield>
   <datafield ind1="8" ind2=" " tag="024">
      <subfield code="a">Universidades y Agenda 2030, Albolote, Comares, 396-408.</subfield>
   </datafield>
   <datafield ind1="8" ind2=" " tag="024">
      <subfield code="a">978-84-1369-532-7</subfield>
   </datafield>
   <datafield ind1="8" ind2=" " tag="024">
      <subfield code="a">https://accesoabiertocomares.com/index.php/coa/catalog/view/42/82/668</subfield>
   </datafield>
   <datafield ind1="8" ind2=" " tag="024">
      <subfield code="a">https://hdl.handle.net/10630/44731</subfield>
   </datafield>
   <datafield tag="653" ind2=" " ind1=" ">
      <subfield code="a">Ecoturismo</subfield>
   </datafield>
   <datafield ind2="0" ind1="0" tag="245">
      <subfield code="a">Aprendizaje-Servicio y Patrimonio: Implementación de proyectos de voluntariado en la costa caribeña de Honduras.</subfield>
   </datafield>
</record>
</metadata></record></GetRecord></OAI-PMH>